Tilastot visalle Euroopan sudettomat valtiot

Klikkaa tästä pelataksesi tätä visaa!

Yleistilastot

  • Tätä visaa on pelattu 1 145 kertaa
  • Keskiarvotulos 10 / 14

Vastaustilastot

Valtio% Oikein
Irlanti
85%
Islanti
85%
Vatikaani
83%
Yhdistynyt
kuningaskunta
81%
San Marino
78%
Monaco
74%
Luxemburg
73%
Malta
73%
Liechtenstein
69%
Alankomaat
68%
Belgia
68%
Tanska
63%
Moldova
33%
Itävalta
31%

Tulosjakauma

Persentiili vastausten määrän mukaan

Jokaisen tuloksen saaneiden osuus

Tuloshistoriasi

Et ole pelannut tätä visaa